000 00479nam a2200193Ia 4500
005 20240823023617.0
008 240823s9999||||xx |||||||||||||| ||und||
020 _a81-88237-66-3
041 _aENGLISH
082 _A910 P9
100 _aSujit Choudhury et al.
245 3 _aAn Introduction Geographic Information Technology
250 _a1st
260 _c2009
_bI K International Pub.
500 _aYES
650 _aGeographic
_bCivil
942 _cBK
999 _c181959
_d181959